Normal view
MARC view
- تأليف الشاروني،يوسف
Entry Personal Name
001 - CONTROL NUMBER
- control field: 17948
003 - CONTROL NUMBER IDENTIFIER
- control field: JO-AjAnu
005 - DATE AND TIME OF LATEST TRANSACTION
- control field: 20230606073148.0
008 - FIXED-LENGTH DATA ELEMENTS
- fixed length control field: 230606|| aca||aabn | a|a d
040 ## - CATALOGING SOURCE
- Original cataloging agency: JO-AjAnu
- Transcribing agency: JO-AjAnu
100 ## - HEADING--PERSONAL NAME
- Personal name: تأليف الشاروني،يوسف
670 ## - SOURCE DATA FOUND
- Source citation: Work cat.: (JO-AjAnu)9217: تأليف الشاروني،يوسف , author, المجموعة القصصية الكاملة: العشاق الخمسة - رسالة إلى إمرأة - الزحام - الكراسي الموسيقية